[Event "FRA-ch U16 Girls"]
[Site "Aix les Bains"]
[Date "2006.??.??"]
[Round "3"]
[White "Guyon, Cindy"]
[Black "Fernandez, Laura"]
[Result "1-0"]
[WhiteElo "1791"]
[BlackElo "1962"]
[PlyCount "61"]
[EventDate "2006.04.16"]
[EventType "swiss"]
[EventRounds "9"]
[EventCountry "FRA"]
[SourceTitle "EXT 2007"]
[Source "ChessBase"]
[SourceDate "2006.11.23"]
[SourceVersion "1"]
[SourceVersionDate "2006.11.23"]
[SourceQuality "1"]

1. d4 f5 2. Bg5 Nf6 3. Bxf6 exf6 4. e3 d5 5. Bd3 c6 6. Qf3 g6 7. Ne2 Bd6 8. Nd2 a5 9. h4 h5 10. Nf4 Kf7 11. c4 Bxf4 12. Qxf4 Na6 13. a3 Nc7 14. cxd5 cxd5 15. Rc1 Ne6 16. Qf3 f4 17. g3 fxe3 18. fxe3 Ng7 19. Rc5 Be6 20. 0-0 f5 21. Rfc1 Rc8 22. Rxc8 Bxc8 23. Rc5 Be6 24. Qf4 Ne8 25. Nf3 Kg7 26. Ng5 Qf6 27. Rxa5 Bf7 28. Rc5 b6 29. Rc3 Qe7 30. Rc6 Nd6 31. Rxd6 1-0

[Event "Marseille Hiver op"]
[Site "Marseille"]
[Date "2005.12.30"]
[Round "8"]
[White "Petrossian, Armen"]
[Black "Fernandez, Laura"]
[Result "1-0"]
[WhiteElo "2328"]
[BlackElo "1983"]
[PlyCount "51"]
[EventDate "2005.12.27"]
[EventType "swiss"]
[EventRounds "9"]
[EventCountry "FRA"]
[SourceTitle "CBM 110 Extra"]
[Source "ChessBase"]
[SourceDate "2006.03.10"]
[SourceVersion "2"]
[SourceVersionDate "2006.03.10"]
[SourceQuality "1"]

1. e4 d5 2. exd5 Qxd5 3. Nc3 Qd6 4. d4 Nf6 5. Nge2 e6 6. Bf4 Qb6 7. Qd2 Bb4 8. 0-0-0 Nc6 9. a3 Ne4 10. Qe3 Nxc3 11. Nxc3 Bxc3 12. Qxc3 Bd7 13. d5 exd5 14. Rxd5 Ne7 15. Rc5 c6 16. Bd6 Nd5 17. Qe5+ Be6 18. a4 Kd7 19. a5 Qd8 20. Be2 b6 21. Rxd5 Bxd5 22. Bg4+ Be6 23. Bxe6+ fxe6 24. Qxg7+ Kc8 25. a6 Qxd6 26. Qb7+ 1-0